LEADER 01398nam1-2200409---450- 001 990002470580203316 005 20050913174247.0 010 $a88-8265-282-3 035 $a000247058 035 $aUSA01000247058 035 $a(ALEPH)000247058USA01 035 $a000247058 100 $a20050913d2004----km-y0itay0103----ba 101 $aita 102 $aIT 105 $aa|||||||001yy 200 1 $aAntichi volti della Repubblica$ela ritrattistica in Italia Centrale tra 4. e 2. secolo a. C.$fMassimiliano Papini 210 $aRoma$c<>Erma di Bretschneider$d2004 215 $a2 v.$cill.$d29 cm 225 2 $aBullettino della Commissione archeologicacomunale di Roma$iSupplementi$v13 410 0$12001$aBullettino della Commissione archeologicacomunale di Roma$iSupplementi$v13 454 1$12001 461 1$1001-------$12001 463 \1$1001990002470590203316$12001 $a<> : Testo 463 \1$1001990002470600203316$12001 $a<> : Tavole 606 0 $aRitratti romani$zSec. 4.-2. a.C. 676 $a733.5 700 1$aPAPINI,$bMassimiliano$0443877 801 0$aIT$bsalbc$gISBD 912 $a990002470580203316 951 $aX B Coll. 136$bL.M.$cX B Coll. 959 $aBK 969 $aUMA 979 $aVITALE$b90$c20050913$lUSA01$h1741 979 $aVITALE$b90$c20050913$lUSA01$h1742 996 $aAntichi volti della Repubblica$988048 997 $aUNISA LEADER 00899nam0 2200241 450 001 000024308 005 20090116111606.0 100 $a20090116d1979----km-y0itaa50------ba 101 0 $aita 102 $aIT 200 1 $a"Die tanzende Törin" di Albert Paris Gütersloh$eun'ipotesi di lettura$fGabriella d'Onghia 210 $aNapoli$cCOMEDIL$d1979 215 $a190, XXVI p.$d22 cm. 676 $a833.9$v(21. ed.)$9Narrativa tedesca. 1900- 700 1$aD'Onghia,$bGabriella$0176215 801 0$aIT$bUniversità della Basilicata - B.I.A.$gRICA$2unimarc 912 $a000024308 996 $a"Die tanzende Törin" di Albert Paris Gütersloh$91528248 997 $aUNIBAS BAS $aLETTERE CAT $aEXT10$b01$c20090116$lBAS01$h1116 FMT Z30 -1$lBAS01$LBAS01$mBOOK$1BASA1$APolo Storico-Umanistico$2FMAS$BFondo Masini$3FMas/817/1050$6817/1050$5B817/1050$820090116$f04$FPrestabile Didattica